[Event "MCR mladeze, Kouty 2018 - FIDE Open"]
[Site "Kouty nad Desnou"]
[Date "2018.03.12"]
[Round "3"]
[White "Pavlicek, Lukas"]
[Black "Kotva, Milan"]
[Result "1/2-1/2"]
[WhiteElo "1790"]
[BlackElo "1917"]
[PlyCount "71"]
[EventDate "2018.03.10"]

1. Nf3 d5 2. g3 Nf6 3. Bg2 c6 4. O-O e6 5. d3 Be7 6. Nbd2 O-O 7. e4 dxe4 8.
dxe4 Qc7 9. Qe2 e5 10. Nh4 Bg4 11. f3 Be6 12. Nf5 Bc5+ 13. Kh1 Re8 14. Nb3 Bf8
15. Bg5 Nbd7 16. Rad1 a5 17. c4 h6 18. Be3 b5 19. Nd2 Rab8 20. Rc1 b4 21. b3
Kh7 22. c5 Bxf5 23. exf5 Nd5 24. Ne4 N7f6 25. h4 Qa7 26. g4 Nxe3 27. Qxe3 Nd5
28. Qf2 Nf4 29. Qc2 Kh8 30. Qc4 Rbd8 31. Rcd1 Rd5 32. g5 Red8 33. Rg1 Rd4 34.
Qf1 Qd7 35. Bh3 Qd5 36. gxh6 1/2-1/2

[Event "MCR mladeze, Kouty 2018 - FIDE Open"]
[Site "Kouty nad Desnou"]
[Date "2018.03.12"]
[Round "3"]
[White "Jirousek, Tadeas"]
[Black "Nemcova, Kamila"]
[Result "0-1"]
[WhiteElo "1672"]
[BlackElo "1876"]
[PlyCount "77"]
[EventDate "2018.03.10"]

1. d4 d5 2. Nf3 Nf6 3. e3 e6 4. Bd3 c5 5. O-O b6 6. b3 Be7 7. Bb2 O-O 8. Nbd2
Ba6 9. c4 Nc6 10. Ne5 Nb4 11. Bb1 Rc8 12. Qf3 dxc4 13. bxc4 Qc7 14. Qh3 h6 15.
f4 Bb7 16. g4 cxd4 17. exd4 Nd7 18. Nxd7 Qxd7 19. g5 f5 20. gxh6 Bf6 21. Qc3
Nc6 22. Nf3 gxh6 23. Bc2 Na5 24. Bb3 Bd5 25. Nd2 Qg7+ 26. Qg3 Nxc4 27. Nxc4
Bxc4 28. Qxg7+ Kxg7 29. Rfc1 Bxb3 30. axb3 a5 31. Kf2 Kh7 32. Ke3 Rfd8 33. Ra4
Rxc1 34. Bxc1 b5 35. Rxa5 Bxd4+ 36. Kf3 Rc8 37. Bd2 Rb8 38. Bb4 Kg6 39. Bd6 0-1

[Event "MCR mladeze, Kouty 2018 - FIDE Open"]
[Site "Kouty nad Desnou"]
[Date "2018.03.12"]
[Round "3"]
[White "Jerabkova, Julia"]
[Black "Broz, Pavel"]
[Result "1/2-1/2"]
[WhiteElo "1603"]
[BlackElo "1859"]
[PlyCount "40"]
[EventDate "2018.03.10"]

1. d4 d5 2. c4 e6 3. Nc3 c5 4. Nf3 Nc6 5. e3 Nf6 6. Be2 dxc4 7. Bxc4 cxd4 8.
exd4 Bb4 9. O-O Bxc3 10. bxc3 Nd5 11. Qc2 Nce7 12. Bd2 Bd7 13. Bd3 Rc8 14. c4
Nf6 15. Rac1 Bc6 16. Be3 Bxf3 17. gxf3 Nc6 18. Qb2 O-O 19. Rfd1 Qe7 20. Bf1
Rfd8 1/2-1/2

[Event "MCR mladeze, Kouty 2018 - FIDE Open"]
[Site "Kouty nad Desnou"]
[Date "2018.03.12"]
[Round "3"]
[White "Taus, Martin"]
[Black "Bares, Jachym"]
[Result "1-0"]
[WhiteElo "2126"]
[BlackElo "2040"]
[PlyCount "61"]
[EventDate "2018.03.10"]

1. c4 Nf6 2. Nc3 d5 3. cxd5 Nxd5 4. g3 g6 5. Bg2 Nxc3 6. bxc3 Bg7 7. Qb3 c6 8.
Ba3 Qb6 9. Qc2 Qa6 10. Bb4 Nd7 11. a4 c5 12. Ba3 O-O 13. h4 Rb8 14. Qe4 Ne5 15.
Bxc5 b6 16. Bd4 Bb7 17. Qf4 g5 18. hxg5 Ng6 19. Bxb7 Rxb7 20. Qg4 Rd8 21. Qh5
Nf8 22. Bxg7 Kxg7 23. Qh6+ Kg8 24. Nf3 Rd6 25. Qh5 b5 26. Ne5 e6 27. Ng4 f5 28.
Nf6+ Kh8 29. Qe8 Kg7 30. Rxh7+ Nxh7 31. Qg8# 1-0

[Event "MCR mladeze, Kouty 2018 - FIDE Open"]
[Site "Kouty nad Desnou"]
[Date "2018.03.12"]
[Round "3"]
[White "Hosnedl, Matyas"]
[Black "Homolkova, Ivana"]
[Result "1-0"]
[WhiteElo "1805"]
[BlackElo "1710"]
[PlyCount "127"]
[EventDate "2018.03.10"]

1. e4 e5 2. Nf3 Nc6 3. Bb5 a6 4. Ba4 Nf6 5. O-O b5 6. Bb3 Be7 7. Re1 O-O 8. h3
Bb7 9. c3 Na5 10. Bc2 Re8 11. Nxe5 Bd6 12. f4 Bxe5 13. fxe5 Rxe5 14. d4 Re6 15.
e5 Qe8 16. Rf1 Nd5 17. Bf5 Rb6 18. Qh5 g6 19. Qg4 h5 20. Qg3 Kh7 21. Bd3 d6 22.
exd6 Rxd6 23. Nd2 Ne3 24. Re1 Re6 25. Nf3 Nf5 26. Rxe6 Nxg3 27. Rxe8 Rxe8 28.
Bf4 Ne2+ 29. Bxe2 Rxe2 30. Bxc7 Bxf3 31. gxf3 Nc4 32. b3 Nd2 33. f4 Ne4 34. Ba5
Kg7 35. Kf1 Rf2+ 36. Kg1 Rxf4 37. Rd1 Nd6 38. Bc7 Rf6 39. Bxd6 Rxd6 40. Kf2 Kf6
41. Ke3 Ke6 42. c4 bxc4 43. bxc4 g5 44. c5 Rd5 45. Rb1 f5 46. Rb6+ Kd7 47. Rh6
g4 48. Kd3 f4 49. hxg4 hxg4 50. Rg6 f3 51. Rxg4 Rf5 52. Rg1 Kc6 53. Rf1 Kd5 54.
Ke3 Kc4 55. Rxf3 Rd5 56. c6 Rd6 57. c7 Rc6 58. Rf7 Kd5 59. Kd3 Kd6 60. Ke4 a5
61. Rf6+ Kxc7 62. Rxc6+ Kxc6 63. Ke5 Kd7 64. Kd5 1-0

[Event "MCR mladeze, Kouty 2018 - FIDE Open"]
[Site "Kouty nad Desnou"]
[Date "2018.03.12"]
[Round "3"]
[White "Vondra, Ales"]
[Black "Tumova, Anna"]
[Result "0-1"]
[WhiteElo "1716"]
[BlackElo "1667"]
[PlyCount "62"]
[EventDate "2018.03.10"]

1. d4 Nf6 2. Bf4 g6 3. h3 d5 4. e3 Bg7 5. Nf3 O-O 6. Be2 Nbd7 7. O-O Ne4 8.
Nbd2 Ndf6 9. Nxe4 Nxe4 10. c4 dxc4 11. Bxc4 c5 12. Qc2 Nd6 13. Be2 cxd4 14.
Nxd4 e5 15. Bxe5 Bxe5 16. Nf3 Bg7 17. Rfd1 Qb6 18. Rac1 Bf5 19. Qd2 Ne4 20. Qe1
Rfd8 21. b3 Rxd1 22. Bxd1 Rc8 23. Rxc8+ Bxc8 24. Bc2 Nc3 25. Nd4 Nxa2 26. Qa1
Nb4 27. Qa4 Nxc2 28. Qe8+ Bf8 29. Nxc2 Qc6 30. Qxc6 bxc6 31. Nd4 c5 0-1

[Event "MCR mladeze, Kouty 2018 - FIDE Open"]
[Site "Kouty nad Desnou"]
[Date "2018.03.12"]
[Round "4"]
[White "Safarik, Jakub"]
[Black "Sikorova, Olga"]
[Result "1/2-1/2"]
[WhiteElo "2186"]
[BlackElo "2222"]
[EventDate "2018.03.10"]

1. d4  Nf6  2. Nf3  g6
3. c4  Bg7  4. Nc3
O-O  5. e4  d6
6. Be2  e5  7. O-O  Nc6
8. d5  Ne7  9. Ne1
Nd7  10. f3  f5
11. g4  Kh8  12. Be3  Ng8
13. Qd2  f4  14. Bf2
Bf6  15. Ng2  h5
16. h3  Rf7  17. Kh2
hxg4  18. fxg4  Be7
19. Bf3  Rh7  20. Rh1
g5  21. Ne1  Ngf6
22. Kg2  Kg7  23. Nd3
Nf8  24. c5  Bd7
25. Nxe5  dxe5  26. d6
cxd6  27. cxd6  Bxg4
28. hxg4  Rxh1  29. Rxh1
Qxd6  30. Qxd6  Bxd6
31. Nb5  Be7  32. Rc1
Ne6  33. Nc7  Nxc7
34. Rxc7  Kf8  35. Rxb7
Rc8  36. Bxa7 Rc2+  37. Kf1
Ke8  38. Rb5  Nd7
39. a4  Kd8  40. a5
Kc7  41. a6  Kc6
42. Rb7  Bc5  43. Bxc5
Nxc5  44. Re7  Rxb2
45. a7  Ra2  46. Rxe5
Rxa7  47. Rxg5  Ra1+
48. Ke2  Ra2+  49. Kf1
1/2-1/2

[Event "MCR mladeze, Kouty 2018 - FIDE Open"]
[Site "Kouty nad Desnou"]
[Date "2018.03.12"]
[Round "4"]
[White "Eret, Jonas"]
[Black "Novotna, Tereza"]
[Result "1-0"]
[WhiteElo "2228"]
[BlackElo "1734"]
[EventDate "2018.03.10"]

1. d4  Nf6  2. Nf3  g6
3. Bf4  Bg7  4. e3
d6  5. h3  O-O
6. Be2  Nfd7  7. O-O  e5
8. Bh2  f5  9. c3
h6  10. Nbd2  Nc6
11. b4  Kh7  12. b5
Ne7  13. Qb3  g5
14. dxe5  dxe5  15. Rfd1
Ng6  16. Nc4  Qe7
17. Qb4  Qf6  18. Rxd7
Bxd7  19. Nfxe5  Nxe5
20. Bxe5  Qf7  21. Bxc7
Be6  22. Bd6  Rfc8
23. Ne5  Bxe5  24. Bxe5
Bc4  25. Bf3  Re8
26. Bd4  Bd5  27. Be2
b6  28. a4  f4
29. Bd3+  Kg8  30. a5  bxa5
31. Rxa5  fxe3  32. Bxe3
Qe7  33. Qd4  Bf7
34. c4  Qd8  35. Qc3
Re7  36. Bc1  Rd7
37. Bb2  Bh5  38. Qh8+
Kf7  39. Qg7+  Ke8
40. Qg8+  Ke7  41. Ba3+
Rd6  42. Bxd6+  Kxd6
43. Qd5+  Ke7  44. Qxd8+
Rxd8  45. Rxa7+  Kd6
46. g4  Kc5  47. Rc7+
Kb4  48. gxh5  Rxd3
49. b6  Rd8  50. b7
1-0

[Event "MCR mladeze, Kouty 2018 - FIDE Open"]
[Site "Kouty nad Desnou"]
[Date "2018.03.12"]
[Round "4"]
[White "Holasek, Pavel"]
[Black "Rolinek, Dominik"]
[Result "0-1"]
[WhiteElo "2127"]
[BlackElo "1950"]
[EventDate "2018.03.10"]

1. Nf3  d5  2. g3  c5
3. Bg2  Nc6  4. O-O
e5  5. d3  Nf6
6. Nbd2  Be7  7. e4  d4
8. Nc4  Qc7  9. a4
O-O  10. Ne1  Be6
11. b3  Nd7  12. f4
f5  13. exf5  Bxf5
14. fxe5  Ndxe5  15. Bf4
Bd6  16. Nxd6  Qxd6
17. Qd2  Rae8  18. Nf3
Nxf3+  19. Bxf3  Qd7
20. Rae1  h6  21. h4
Nb4  22. Kh2  Nd5
23. Bg2  Bg4  24. Re4
Nc3  25. Rxe8  Rxe8
26. Rf2  Qe7  27. Bf3
Bxf3  28. Rxf3  Qd7
29. Rf2  Qg4  30. Bd6
Re3  31. Bf4  Nd5
32. Bd6  b6  33. Rg2
g5  34. Qf2  Rf3
35. Qe2  Ne3  36. Rf2
Rxf2+  37. Qxf2  Qe6
38. Qf8+  Kh7  39. hxg5
hxg5  40. Bb8  Nxc2
41. Bxa7  Ne1  42. Qf1
g4  43. a5  Nf3+
44. Kg2  bxa5  45. Bb8
Qxb3  46. Qe2  Qc2
47. Kf2  Qxe2+  48. Kxe2
a4  49. Kd1  Ne1
50. Ba7  Nxd3  51. Kc2
a3  52. Kb3  Kg6
53. Kxa3  Kf5  54. Kb3
Ke4  55. Bb6  Kd5
56. Ba5  c4+  57. Kc2
Ke4  58. Bb6  Ne1+
59. Kd1  Nf3  60. Ba5
Kd3  61. Bc7  c3
62. Bf4  c2+  63. Kc1
Ng1  64. Kb2  Ne2
65. Bg5  c1=Q+  0-1

[Event "MCR mladeze, Kouty 2018 - FIDE Open"]
[Site "Kouty nad Desnou"]
[Date "2018.03.12"]
[Round "4"]
[White "Sandor, Martin"]
[Black "Kabelka, Ondrej"]
[Result "1/2-1/2"]
[WhiteElo "1970"]
[BlackElo "2050"]
[EventDate "2018.03.10"]

1. e4  c5  2. Nf3  d6
3. d4  cxd4  4. Qxd4
a6  5. c4  Nf6
6. Nc3  e6  7. Be2  Be7
8. Qd3  Nbd7  9. Nd4
Qc7  10. b3  b6
11. f3  Bb7  12. Be3  Rc8
13. Rc1  Qb8  14. O-O
O-O  15. Rfd1  Rfe8
16. Bf1  Bd8  17. Nc2
Bc7  18. Kh1  Rcd8
19. Qd2  Ne5  20. Qf2
Ned7  21. Rd2  d5
22. cxd5  exd5  23. Nxd5
Nxd5  24. exd5  Bxh2
25. f4  Nf6  26. Qh4
Rxd5  27. Rxd5  Nxd5
28. Kxh2  Nxe3  29. Nxe3
Rxe3  30. Qf2  Re6
31. Qd4  Re4  32. Qxb6
Qxf4+  33. Kg1  g6
34. Rc4  Rxc4  35. Bxc4
Qe4  36. Qf2  Qe7
37. Qd4  h5  38. Qb6
Kh7  39. Bxa6  Qe1+
40. Kh2  1/2-1/2

[Event "MCR mladeze, Kouty 2018 - FIDE Open"]
[Site "Kouty nad Desnou"]
[Date "2018.03.12"]
[Round "4"]
[White "Vlkova, Anezka"]
[Black "Bochnicka, Vladimir"]
[Result "0-1"]
[WhiteElo "1933"]
[BlackElo "2024"]
[EventDate "2018.03.10"]

1. e4  e5  2. Nf3  Nc6
3. Bc4  Nf6  4. d3
Be7  5. a4  O-O
6. O-O  d6  7. Nbd2  Na5
8. Ba2  c5  9. c3
Nc6  10. Nc4  h6
11. Re1  Be6  12. Bd2
Qc7  13. Qb1  a5
14. Na3  Rad8  15. Nb5
Qb8  16. b4  b6
17. bxa5  bxa5  18. Bxe6  fxe6
19. Qa2  Qc8  20. Rab1
Kh8  21. Rb3  Qd7
22. Qb2  d5  23. c4
dxe4  24. dxe4  Nh5
25. Bc3  Bf6  26. Nxe5
Nxe5  27. Bxe5  Bxe5
28. Qxe5  Qd2  29. Rf1
Qxf2+  0-1

[Event "MCR mladeze, Kouty 2018 - FIDE Open"]
[Site "Kouty nad Desnou"]
[Date "2018.03.12"]
[Round "4"]
[White "Otruba, Marek"]
[Black "Londin, Simon"]
[Result "1/2-1/2"]
[WhiteElo "2003"]
[BlackElo "1848"]
[EventDate "2018.03.10"]

1. d4  Nf6  2. c4  c5
3. d5  b5  4. cxb5
a6  5. Nc3  g6
6. e3  Bg7  7. a4  O-O
8. Nf3  d6  9. Bc4
Nbd7  10. O-O  Nb6
11. Ba2  axb5  12. axb5
Bb7  13. Rb1  Ra7
14. Bb3  c4  15. Bc2
Nfxd5  16. Nxd5  Nxd5
17. e4  Nb4  18. Bd2
Nxc2  19. Qxc2  Qa8
20. Rfe1  Rc8  21. Bc3
Bxc3  22. bxc3  Ra2
23. Rb2  Rxb2  24. Qxb2
Bxe4  25. Ng5  Bd5
26. Rxe7  Re8  27. Rxe8+
Qxe8  28. Nf3  Qe4
29. h3  h5  30. Kh2
Qf4+  31. Kg1  Qe4
32. Kh2  Qf4+ 1/2-1/2

[Event "MCR mladeze, Kouty 2018 - FIDE Open"]
[Site "Kouty nad Desnou"]
[Date "2018.03.12"]
[Round "4"]
[White "Nemcova, Kamila"]
[Black "Vystrcil, Martin"]
[Result "1-0"]
[WhiteElo "1876"]
[BlackElo "2146"]
[PlyCount "81"]
[EventDate "2018.03.10"]

1. e4 Nf6 2. e5 Nd5 3. c4 Nb6 4. d4 d6 5. exd6 cxd6 6. d5 e6 7. Nc3 Be7 8. Bd3
O-O 9. Nge2 Na6 10. b3 Bf6 11. Rb1 Nb4 12. Be4 Bxc3+ 13. Nxc3 f5 14. Bf3 e5 15.
O-O a5 16. Be2 f4 17. a3 Bf5 18. Rb2 Na6 19. Bg4 Qh4 20. Bxf5 Rxf5 21. Ne4 Nc5
22. Nxc5 dxc5 23. Qd3 Raf8 24. f3 Qe7 25. Bd2 Nc8 26. Bxa5 b6 27. Bc3 Nd6 28.
Re1 Qg5 29. b4 Ra8 30. bxc5 bxc5 31. Rb6 e4 32. fxe4 f3 33. Rb2 Rf4 34. Rf2
Rxa3 35. Rxf3 Rxf3 36. Qxf3 Nxc4 37. Rb1 h6 38. h4 Qd8 39. Rb7 Ne5 40. Qg3 Qf6
41. d6 1-0

[Event "MCR mladeze, Kouty 2018 - FIDE Open"]
[Site "Kouty nad Desnou"]
[Date "2018.03.12"]
[Round "4"]
[White "Pycha, Patrik"]
[Black "Vraj, Karel"]
[Result "1/2-1/2"]
[WhiteElo "2119"]
[BlackElo "1914"]
[PlyCount "80"]
[EventDate "2018.03.10"]

1. e4 c5 2. Nc3 d6 3. g3 g6 4. Bg2 Bg7 5. d3 Nc6 6. Be3 e6 7. Qd2 a6 8. Nge2
Nge7 9. Bh6 Bxh6 10. Qxh6 Bd7 11. h4 Qa5 12. O-O O-O-O 13. a3 Rdg8 14. b4 Qc7
15. b5 Ne5 16. bxa6 bxa6 17. Rab1 g5 18. Qf6 Qd8 19. hxg5 N7c6 20. Qxd8+ Kxd8
21. f4 Ng4 22. Rb6 Kc7 23. Rb2 Rb8 24. Rfb1 Rxb2 25. Rxb2 Rb8 26. Rxb8 Kxb8 27.
Bh3 Ne3 28. Nd5 Nxc2 29. Nf6 Kc7 30. Nxh7 Nxa3 31. g4 a5 32. f5 Ne5 33. d4 cxd4
34. Nxd4 a4 35. Nf8 exf5 36. gxf5 Be8 37. Nh7 Nac4 38. Nf6 Kd8 39. Nd5 Nd2 40.
Bg2 Nd3 1/2-1/2

[Event "MCR mladeze, Kouty 2018 - FIDE Open"]
[Site "Kouty nad Desnou"]
[Date "2018.03.12"]
[Round "4"]
[White "Kotva, Milan"]
[Black "Kanka, Matej"]
[Result "0-1"]
[WhiteElo "1917"]
[BlackElo "1884"]
[PlyCount "83"]
[EventDate "2018.03.10"]

1. d4 Nf6 2. Nf3 g6 3. Nbd2 Bg7 4. e4 d6 5. c3 O-O 6. Bd3 Nbd7 7. O-O e5 8. d5
Nc5 9. Bc2 a5 10. Re1 Nh5 11. Nb3 b6 12. Nxc5 bxc5 13. Ba4 Bd7 14. Bxd7 Qxd7
15. Qd3 h6 16. g3 Qg4 17. Nh4 Kh7 18. f3 Qh3 19. Qf1 Qxf1+ 20. Kxf1 f5 21. exf5
gxf5 22. Kg2 Rae8 23. Bd2 Rb8 24. Rab1 a4 25. h3 f4 26. gxf4 Nxf4+ 27. Bxf4
Rxf4 28. Kg3 Bf6 29. Ng2 Rg8+ 30. Kf2 Bh4+ 31. Nxh4 Rxh4 32. Rh1 Rf4 33. Ke2
Rg2+ 34. Ke3 Rg3 35. Rbf1 Rh4 36. Rfg1 Rhxh3 37. Rxg3 Rxg3 38. Rh4 a3 39. bxa3
Rg2 40. Ra4 Kg6 41. Rg4+ Rxg4 42. fxg4 0-1

[Event "MCR mladeze, Kouty 2018 - FIDE Open"]
[Site "Kouty nad Desnou"]
[Date "2018.03.12"]
[Round "4"]
[White "Rolinek, Frantisek"]
[Black "Pavlicek, Lukas"]
[Result "1-0"]
[WhiteElo "1864"]
[BlackElo "1790"]
[PlyCount "49"]
[EventDate "2018.03.10"]

1. e4 d6 2. d4 g6 3. Bc4 Bg7 4. Nf3 Nf6 5. Qe2 O-O 6. Bg5 h6 7. Bd2 c6 8. Nc3
b5 9. Bb3 a6 10. O-O-O Qc7 11. Nh4 Nbd7 12. Nxg6 Re8 13. e5 Nd5 14. Bxd5 e6 15.
Bxe6 Rxe6 16. Nf4 Re8 17. e6 fxe6 18. Nxe6 Qa7 19. Qg4 Nf6 20. Qxg7+ Qxg7 21.
Nxg7 Kxg7 22. f3 b4 23. Na4 Rb8 24. Rhe1 Bd7 25. b3 1-0

[Event "MCR mladeze, Kouty 2018 - FIDE Open"]
[Site "Kouty nad Desnou"]
[Date "2018.03.12"]
[Round "4"]
[White "Ptacek, Jan"]
[Black "Jirousek, Tadeas"]
[Result "0-1"]
[WhiteElo "1856"]
[BlackElo "1672"]
[PlyCount "99"]
[EventDate "2018.03.10"]

1. e4 e6 2. d4 d5 3. Nd2 Nf6 4. e5 Nfd7 5. Bd3 c5 6. c3 cxd4 7. cxd4 Nc6 8. Ne2
f6 9. exf6 Nxf6 10. Nf3 Bd6 11. O-O Qc7 12. Nc3 a6 13. h3 O-O 14. Be3 Bd7 15.
Re1 Rae8 16. Rc1 Qb8 17. a3 b5 18. Bg5 b4 19. Na4 e5 20. dxe5 Nxe5 21. Nc5
Nxf3+ 22. gxf3 Bxh3 23. Nxa6 Qb6 24. Be3 d4 25. Bd2 bxa3 26. bxa3 Bxa3 27. Rb1
Qd6 28. Nb4 Bxb4 29. Rxb4 Nd7 30. Qb3+ Kh8 31. Rxe8 Rxe8 32. Qf7 Nf6 33. Rb7
Qf8 34. Qc7 Be6 35. Bb4 Qg8 36. Qg3 Rd8 37. Be7 Rc8 38. Bxf6 gxf6 39. Rxh7+
Qxh7 40. Bxh7 Kxh7 41. Qh4+ Kg8 42. Qxd4 Kf7 43. f4 Rg8+ 44. Kf1 f5 45. Qe5
Bc4+ 46. Ke1 Re8 47. Kd2 Rxe5 48. fxe5 Ke6 49. f4 Kd5 50. Ke3 0-1

[Event "MCR mladeze, Kouty 2018 - FIDE Open"]
[Site "Kouty nad Desnou"]
[Date "2018.03.12"]
[Round "4"]
[White "Jirousek, Jan"]
[Black "Novotny, Martin"]
[Result "1/2-1/2"]
[WhiteElo "1733"]
[BlackElo "1832"]
[PlyCount "81"]
[EventDate "2018.03.10"]

1. Nf3 Nf6 2. d4 g6 3. c4 Bg7 4. Nc3 O-O 5. e4 d6 6. Be2 e5 7. O-O Nc6 8. d5
Ne7 9. Ne1 Ne8 10. Nd3 f5 11. c5 Nf6 12. f3 f4 13. Bd2 g5 14. Rc1 h5 15. Nb5
Rf7 16. Ba5 b6 17. cxd6 cxd6 18. Nc7 Rb8 19. Ne6 Bxe6 20. dxe6 Rf8 21. Bb4 a5
22. Be1 Rc8 23. Bf2 b5 24. Qb3 b4 25. Rxc8 Qxc8 26. Rc1 Qb7 27. a3 Rb8 28. axb4
axb4 29. Be1 Nc6 30. Nxb4 Nxb4 31. Bxb4 Qb6+ 32. Kf1 Kh7 33. Rc4 g4 34. Qd1 g3
35. hxg3 fxg3 36. Qe1 h4 37. Ba3 Bh6 38. Rb4 Qa7 39. Rxb8 Qxb8 40. Bd1 Qb6 41.
Qe2 1/2-1/2

[Event "MCR mladeze, Kouty 2018 - FIDE Open"]
[Site "Kouty nad Desnou"]
[Date "2018.03.12"]
[Round "4"]
[White "Hosnedl, Matyas"]
[Black "Jerabkova, Julia"]
[Result "1/2-1/2"]
[WhiteElo "1805"]
[BlackElo "1603"]
[PlyCount "80"]
[EventDate "2018.03.10"]

1. e4 c6 2. d4 d5 3. Nc3 dxe4 4. Nxe4 Nd7 5. Nf3 Ngf6 6. Nxf6+ Nxf6 7. Be2 Bg4
8. O-O e6 9. h3 Bh5 10. c4 Be7 11. Be3 O-O 12. Qb3 Qc7 13. Rac1 Rad8 14. Rfd1
Qb8 15. Bg5 Rd7 16. Qe3 Bxf3 17. Bxf3 Rfd8 18. Bf4 Bd6 19. Be5 Bxe5 20. dxe5
Rxd1+ 21. Rxd1 Rxd1+ 22. Bxd1 Nd7 23. f4 c5 24. Bc2 Qc7 25. Qe4 g6 26. h4 h5
27. Kf1 Nb8 28. Ba4 Qb6 29. Qc2 Qd8 30. Qc3 Qxh4 31. Qf3 Qe7 32. Ke2 b6 33. Qa8
Qc7 34. Qe4 Kg7 35. Qd3 Qb7 36. Kf2 Qa6 37. b3 Qc8 38. Qd6 Qb7 39. Qd8 a6 40.
Be8 Nc6 1/2-1/2

[Event "MCR mladeze, Kouty 2018 - FIDE Open"]
[Site "Kouty nad Desnou"]
[Date "2018.03.12"]
[Round "4"]
[White "Tumova, Anna"]
[Black "Homolkova, Ivana"]
[Result "1/2-1/2"]
[WhiteElo "1667"]
[BlackElo "1710"]
[PlyCount "64"]
[EventDate "2018.03.10"]

1. e4 d6 2. d4 g6 3. Nf3 Nf6 4. Bd3 Bg7 5. Bf4 Nbd7 6. Nbd2 Nh5 7. Be3 e5 8.
dxe5 Nxe5 9. Nxe5 Bxe5 10. Nc4 Bg7 11. c3 Be6 12. Qe2 Qe7 13. Bd4 Bxd4 14. cxd4
Nf4 15. Qf3 Nxd3+ 16. Qxd3 Bxc4 17. Qxc4 Qxe4+ 18. Kf1 O-O-O 19. Re1 d5 20. Qc3
Qf5 21. Rc1 Rd7 22. f3 Re8 23. Kf2 c6 24. Qa5 Rde7 25. Rhe1 Rxe1 26. Rxe1 Rxe1
27. Qxe1 Qc2+ 28. Kg3 Kd7 29. Qb4 b6 30. Qf8 Qf5 31. Qb8 Qg5+ 32. Kh3 Qf5+
1/2-1/2

[Event "MCR mladeze, Kouty 2018 - FIDE Open"]
[Site "Kouty nad Desnou"]
[Date "2018.03.12"]
[Round "4"]
[White "Bares, Jachym"]
[Black "Vondra, Ales"]
[Result "0-1"]
[WhiteElo "2040"]
[BlackElo "1716"]
[PlyCount "71"]
[EventDate "2018.03.10"]

1. e4 d6 2. d4 g6 3. Be3 Bg7 4. Nc3 a6 5. Qd2 Nd7 6. f3 b5 7. O-O-O Bb7 8. h4
h6 9. Kb1 e6 10. h5 g5 11. Nh3 c5 12. dxc5 dxc5 13. f4 gxf4 14. Nxf4 Ngf6 15.
e5 Ng4 16. Bg1 Ngxe5 17. Qe1 Qf6 18. Be3 b4 19. Na4 Bc6 20. Nxc5 Nxc5 21. Qxb4
Ncd7 22. c3 Rb8 23. Qd6 Bf8 24. Qc7 Qd8 25. Qxd8+ Rxd8 26. Bxa6 Rg8 27. Rhe1
Bxg2 28. Rg1 Be4+ 29. Kc1 Rxg1 30. Rxg1 Ra8 31. Bb5 Rxa2 32. Rg8 Ra1+ 33. Kd2
Ra2 34. Ke1 Ke7 35. c4 Nf6 36. b4 {necitelny zapis} 0-1

[Event "MCR mladeze, Kouty 2018 - FIDE Open"]
[Site "Kouty nad Desnou"]
[Date "2018.03.13"]
[Round "5"]
[White "Rolinek, Dominik"]
[Black "Safarik, Jakub"]
[Result "0-1"]
[WhiteElo "1950"]
[BlackElo "2186"]
[EventDate "2018.03.10"]

1. d4  Nf6  2. Nf3  e6
3. Bf4  b6  4. e3
Bb7  5. Bd3  Be7
6. h3  c5  7. c3
d6  8. Nbd2  Nbd7
9. O-O  Qc7  10. a4
a6  11. Nc4  O-O
12. dxc5  Nxc5  13. Nxd6
Bxf3  14. gxf3  Qc6
15. Ne4  Ncxe4  16. fxe4
Nxe4  17. Qf3  f5
18. Bxe4  fxe4  19. Qh5
Rf5  20. Qg4  Raf8
21. Kh1  e5  22. Bg3
h5  23. Qe2  Rf3
24. Qxa6  Qe6 25. Qe2  Qxh3+
26. Bh2  Bh4  0-1

[Event "MCR mladeze, Kouty 2018 - FIDE Open"]
[Site "Kouty nad Desnou"]
[Date "2018.03.13"]
[Round "5"]
[White "Bochnicka, Vladimir"]
[Black "Eret, Jonas"]
[Result "0-1"]
[WhiteElo "2024"]
[BlackElo "2228"]
[EventDate "2018.03.10"]

1. e4  d6  2. d4  Nf6
3. Nc3  e5  4. dxe5
dxe5  5. Qxd8+  Kxd8
6. Nf3  Bd6  7. Bc4
Be6 8. Bxe6  fxe6  9. Bg5
a6  10. O-O-O  Kc8
11. Nd2  Nc6  12. Nc4
Bb4  13. f3  h6
14. Bh4  b5  15. Ne3  Nh5
16. Ne2  g5  17. Bf2
Nf4  18. Nxf4  gxf4
19. Nf1  Kb7  20. c3
Be7  21. Nd2  Rag8
22. g4  fxg3  23. hxg3
Bg5  24. Kc2  Rf8
25. Bc5  Rf7  26. Rhf1
Na5  27. Rf2  Kc6
28. Bb4  Bxd2  29. Rdxd2
Nc4  30. Rd3  a5
31. Ba3  Rb8  32. Kb3
h5  33. f4  h4
34. f5  exf5  35. exf5  e4
36. Rd1  a4+  37. Kc2
Ne3+  38. Bb4 0-1

[Event "MCR mladeze, Kouty 2018 - FIDE Open"]
[Site "Kouty nad Desnou"]
[Date "2018.03.13"]
[Round "5"]
[White "Sikorova, Olga"]
[Black "Holasek, Pavel"]
[Result "1-0"]
[WhiteElo "2222"]
[BlackElo "2127"]
[EventDate "2018.03.10"]

1. c4  g6  2. g3  Bg7
3. Bg2  e5  4. Nc3
d6  5. d3  c6
6. e4  a5  7. Nge2  Nf6
8. O-O  O-O  9. h3
Na6  10. Be3  Nc7
11. d4  exd4  12. Nxd4
Ne6  13. Qd2  Re8
14. Nxe6  Bxe6  15. b3
Qe7  16. Rad1  Red8
17. Bb6  Rd7  18. Na4
d5  19. exd5  cxd5
20. Nc5  Rd6  21. Bxa5 Bf5
22. Bb4  Rb6  23. cxd5
Rb5  24. d6  Qf8
25. a4  Rb6  26. d7
Nxd7  27. Nxd7  Qxb4
28. Nxb6  Qxb6  29. Qd5
Bc2  30. Qxb7  Qxb7
31. Bxb7  Rb8  32. Bd5
Bxd1  33. Rxd1  Bc3
34. Bc4  Rb7  35. Rd5
Re7  36. a5  Re1+
37. Kg2  Ra1  38. a6
Kf8  39. Rd7  Ke8
40. Rxf7  Bd4  41. Kf3
Rxa6  42. Ke4  Rd6
43. f4  h5  44. g4
hxg4  45. hxg4  Bc3
46. Rb7  Rd4+  47. Ke3
Kf8  48. Rb6  Kg7
49. Bd3  Rb4  50. Rxg6+
Kf7  51. Rc6  Bd4+
52. Ke4  Bf2+  53. Bc4+
Ke7  54. g5  Rb8
55. f5  Rd8  56. f6+
Kd7  57. Re6  Bh4
58. g6  Bg5  59. g7
Kc7  60. Kf5  Bh6
61. Re7+  Kd6  62. g8=Q
1-0

[Event "MCR mladeze, Kouty 2018 - FIDE Open"]
[Site "Kouty nad Desnou"]
[Date "2018.03.13"]
[Round "5"]
[White "Kabelka, Ondrej"]
[Black "Nemcova, Kamila"]
[Result "1/2-1/2"]
[WhiteElo "2050"]
[BlackElo "1876"]
[EventDate "2018.03.10"]

1. d4  Nf6  2. g3  d5
3. Bg2  c6  4. Nf3
Bf5  5. Nbd2  e6
6. c4  Nbd7  7. O-O
Be7  8. b3  O-O
9. Bb2  Ne4  10. Ne5  Nxe5
11. dxe5  Nxd2  12. Qxd2
dxc4  13. Qxd8  Rfxd8
14. e4  Bg6  15. bxc4
Rd2  16. Bc3  Rd3
17. Rfc1  Ba3  18. Bf1
Rxc3  19. Rxc3  Bb2
20. Rac1  Bxe4 21. Re3  Bxc1
22. Rxe4  Bb2  23. Re2
Bd4  24. Bg2  Rd8
25. Rd2  Kf8  26. Kf1
Ke7  27. f4  Bc3
28. Rxd8  Kxd8  29. Ke2
Bd4  30. g4  b5
31. Bxc6  bxc4  32. Bb5  c3
33. Kd3  Bg1  34. h3
Bh2  35. Kxc3  Bxf4
36. Kd4  f6  37. exf6
gxf6  38. Ke4  e5
39. h4  Ke7 1/2-1/2

[Event "MCR mladeze, Kouty 2018 - FIDE Open"]
[Site "Kouty nad Desnou"]
[Date "2018.03.13"]
[Round "5"]
[White "Kanka, Matej"]
[Black "Otruba, Marek"]
[Result "1/2-1/2"]
[WhiteElo "1884"]
[BlackElo "2003"]
[EventDate "2018.03.10"]

1. d4  Nf6  2. Nf3  e6
3. e3  b6  4. Bd3
Bb7  5. O-O  Be7
6. Qe2  d6  7. c4
c5  8. Nc3  O-O
9. a3  Nbd7  10. b4  a6
11. Rd1  Qc7  12. Bb2
Rac8  13. Rac1  Qb8
14. Nb1  Qa8  15. Nbd2
Rfd8  16. Bc3  h6
17. Ne1  d5  18. f3
cxd4  19. exd4  dxc4
20. Nxc4  Nd5  21. Bd2 Qa7
22. Qf2  b5  23. Na5
Bf6  24. Nb3  Nb8
25. Rc5  Nc6  26. Be4
Nb6  27. Nc2  Na4
28. Rh5  Nxd4  29. Be3
Bxe4  30. fxe4  Rxc2
31. Qxc2  Nf3+  32. Kf2
Nd4  33. Nxd4  Bxd4
34. Bxd4  1/2-1/2